[Event "Tilburg Fontys"]
[Site "Tilburg"]
[Date "1996.10.11"]
[Round "1"]
[White "Adams, Michael"]
[Black "Van Wely, Loek"]
[Result "1/2-1/2"]
[WhiteElo "2685"]
[BlackElo "2605"]
[Annotator "Stohl,I"]
[PlyCount "117"]
[EventDate "1996.10.11"]
[EventType "tourn"]
[EventRounds "11"]
[EventCountry "NED"]
[EventCategory "16"]
[SourceTitle "CBM 056"]
[Source "ChessBase"]
[SourceDate "1997.02.01"]
[SourceVersion "1"]
[SourceVersionDate "1997.02.01"]
[SourceQuality "1"]

1. d4 Nf6 2. Bg5 Ne4 3. Bf4 d5 4. e3 Bf5 (4... c6 5. Bd3 Qb6 6. Bxe4 Qxb2 7.
Nd2 dxe4 8. Ne2 Nd7 9. O-O (9. Nxe4 g6 10. O-O Bg7 11. Qd3 Qb6 12. a4 O-O 13.
a5 Qd8 14. Qc3 a6 15. Rfd1 h6 16. Rab1 Nf6 17. Nxf6+ exf6 18. Qa3 Re8 19. c4
Bf8 20. c5 g5 21. Bg3 f5 22. Nc3 Qf6 23. Be5 $16 {Hodgson,J-Smejkal,J/BL 9596/
1996/}) 9... Nf6 10. c4 Qa3 11. Ng3 g6 12. Be5 Bg7 13. Ngxe4 Nxe4 14. Bxg7 Nxd2
15. Qxd2 Rg8 16. Be5 f6 17. Bg3 b6 18. e4 c5 19. d5 $36 {^-->[+],Hodgson,
J-Hjartarson,J/Copenhagen PC/1996/ With major pieces on the board
opposite-coloured B usually help the side with the initiative, in this case
it's undoubtedly White.}) 5. f3 (5. Bd3 e6 6. f3 Nf6 7. Bxf5 exf5 8. Qd3 Qd7 9.
Ne2 Nc6 10. Nbc3 O-O-O 11. O-O-O g6 12. Bg5 Be7 13. Nf4 Nh5 14. Bxe7 Nxf4 15.
exf4 Qxe7 16. Rhe1 Qd6 17. g3 a6 18. Na4 Nb4 19. Qa3 b6 20. Nc3 Kb7 21. Re5 f6
22. Re3 Nc6 23. Qxd6 Rxd6 24. Nb1 Kc8 25. c3 Kd8 26. Rde1 Rd7 27. a4 Re7 28.
Rxe7 {1/2,Yegiazarian,A-Babula,V/Jerevan olm/1996/}) (5. c4 $5 e6 6. Qb3 Qc8 $2
7. cxd5 exd5 8. Qxd5 Bb4+ 9. Ke2 O-O 10. f3 Re8 11. fxe4 Bxe4 12. Qg5 h6 13.
Qg3 Nc6 14. Kf2 Bxb1 15. Rxb1 Qf5 16. Rd1 g5 17. Bd3 Qf6 18. Nf3 {1-0,Romero
Holmes,A-Perdomo,J/Gran Canaria op/1996/}) 5... Nf6 6. c4 $5 {A relatively
recent and less played move, which may in future replace the usual} (6. g4 Bg6
7. h4 h5 $5 (7... h6 8. Bd3 (8. Nc3 e6 9. Qd2 c5 10. Nb5 Na6 11. Nh3 Qb6 12. a4
c4 13. c3 Be7 14. Bg3 Bh7 15. Nf4 Nd7 16. g5 Bf5 17. Qg2 Qc6 18. Nh5 Kf8 19.
Bf4 hxg5 20. hxg5 Rg8 21. Qh2 Bg6 22. Ng3 Nb6 23. Bh3 Nxa4 24. Rxa4 Qxb5 $15 {
Degraeve,J-Lepelletier,B/FRA-ch Toulouse/1995/}) 8... Bxd3 9. Qxd3 c6 10. Nc3
Na6 11. Nge2 e6 12. O-O-O Qa5 13. Kb1 O-O-O 14. g5 hxg5 15. hxg5 Rxh1 16. Rxh1
Ne8 17. Rh8 Qb4 18. a3 Qe7 19. e4 Nd6 20. g6 fxg6 21. exd5 exd5 22. Qxg6 Nf7
23. Rh5 Nc7 24. Bh2 Qf6 25. Qg4+ Qe6 26. Qg3 Qd6 27. Qg2 Qf6 28. Nf4 $36 {
Adams,M-De la Villa Garcia,J/Leon/1995/}) 8. g5 Nfd7 9. Nc3 (9. Bd3 Bxd3 10.
Qxd3 Nc6 11. g6 f6 12. Nc3 Nb6 13. Qf5 Qd7 14. Qxd7+ Kxd7 15. O-O-O e6 16. e4
Ne7 17. Nge2 Nxg6 18. Rdg1 Nxf4 19. Nxf4 c6 20. Nce2 Rh7 21. Rg6 Ke7 22. Nd3
Kf7 23. Nef4 dxe4 24. fxe4 Rd8 25. c3 c5 26. dxc5 Na4 27. Rhg1 e5 {0-1,Miles,
A-Van Wely,L/Linares zt/1995/}) 9... c6 10. Bd3 Bxd3 11. Qxd3 g6 (11... e6 12.
Bxb8 Qxb8 13. f4 Bb4 14. Nf3 Qd6 15. Ne5 Nxe5 16. fxe5 Qe7 17. O-O O-O-O 18.
Rf4 Rdf8 19. Raf1 f6 20. exf6 gxf6 21. Rxf6 Rxf6 22. Rxf6 Rg8 23. Qf1 Bxc3 24.
bxc3 Qa3 25. Qd3 $16 {Bondarenko-Poggemann/Moscow7 op/1991/}) 12. e4 e6 13.
O-O-O Be7 14. Re1 Na6 15. a3 Nb6 16. Be5 O-O $13 17. Bf6 Bxf6 18. gxf6 Qxf6 19.
Nh3 c5 20. e5 Qf5 21. Qd2 Nc4 22. Qh6 cxd4 23. Nxd5 exd5 24. Ng5 Rfe8 25. e6
fxe6 26. Rhg1 d3 $19 {Hodgson,J-Nunn,J/BL 9596/1995/}) 6... c5 $2 $146 (6... c6
7. Nc3 e6 8. Qb3 b6 9. g4 Bg6 10. h4 h6 11. Nh3 Bd6 12. O-O-O dxc4 13. Bxc4 Nd5
14. Bxd6 Qxd6 15. e4 Nxc3 16. Qxc3 Nd7 (16... b5 17. Bb3 a5 18. h5 Bh7 19. g5
hxg5 20. d5 e5 21. dxc6 Qxc6 22. Nxg5 Qxc3+ 23. bxc3 Bg8 24. Bxf7+ Bxf7 25.
Rd8+ Kxd8 26. Nxf7+ Ke7 27. Nxh8 Nd7 28. Ng6+ $16 {Efimov,I-Nordahl,H/Gausdal
Peer Gynt/1991/}) 17. Bd3 Qc7 18. f4 O-O-O 19. f5 Bh7 20. e5 Kb8 21. Nf4 exf5
22. gxf5 c5 23. Rhg1 Rc8 $132 {Hodgson,J-Pribyl,M/BL 9596/1996/}) 7. cxd5 Nxd5
(7... cxd4 8. e4 $16) (7... Qxd5 8. e4 Nxe4 9. fxe4 Qxe4+ 10. Ne2 $18) (7...
Bxb1 8. Rxb1 Qxd5 (8... Nxd5 9. Bxb8 Qxb8 10. Bb5+ Kd8 11. dxc5 $18) 9. Bxb8
Rxb8 10. Qa4+ Nd7 11. dxc5 $40 {[%cal Rb1d1,Rf1b5] /\Bb5,Rd1}) 8. Bxb8 $1 {
Black loses a piece for insufficient compensation.} Nxe3 (8... Rxb8 9. e4 Ne3
10. Qe2 (10. Qd3 Qxd4 $5 11. exf5 Qxb2 12. Qxe3 Qxa1 13. Bb5+ Kd8 14. Qd3+ Qd4
$14) 10... Qa5+ (10... Qxd4 11. exf5 b5 12. Nc3 $18) 11. Kf2 Nxf1 12. exf5 cxd4
13. Kxf1 Qxf5 14. Nd2 $16) 9. Bb5+ Bd7 10. Bxd7+ Qxd7 11. Qe2 Nxg2+ (11... Qxd4
12. Bg3 Rd8 13. Nc3 $18) (11... cxd4 12. Bf4 Nd5 13. Bd2 $18) 12. Qxg2 Rxb8 13.
dxc5 g6 (13... e6 14. Nc3 {[%cal Ya1d1,Yc3e4] /\Rd1,Ne4+-}) 14. Nc3 Bg7 15.
Nge2 Qc6 16. Qg5 $2 (16. Qf2 $142 Rc8 17. b4 b6 18. O-O bxc5 19. b5 $18) 16...
Qxf3 17. Rf1 Qh3 18. Rf2 O-O {Now Black has at least some hope. He has two
pawns for the piece and White's K is uncomfortable in the center. White's task
is not so easy anymore.} 19. Rd1 (19. O-O-O $2 Bh6 $19) (19. Qxe7 $2 Rbe8 20.
Qxb7 Bxc3+ 21. bxc3 Qxc3+ $19) (19. Qg3 Qh5 $132) 19... Qe6 20. Nd5 (20. Kf1 $5
$16) 20... Bxb2 21. Qxe7 (21. Nxe7+ Kh8 22. Nd5 Rbc8 $14) 21... Qxe7 22. Nxe7+
Kg7 23. c6 $6 {And this move finally spoils the game for White, as now Black
gets back his piece. The best way to keep the slender winning chances alive was
} (23. Nd5 $1 Rfc8 (23... Rbc8 24. Rb1 $14) 24. Ne3 (24. Nef4 Ba3) 24... Rxc5
25. Rd7 Bf6 26. Ng4 Rc6 27. Nd4 $36) (23. Nf4 Ba3 24. Nd3 Rfe8 25. Re2 Rbd8 $13
{[%csl Re7] ><e7}) 23... Rbe8 $1 (23... Ba3 $2 24. c7 $18) 24. Rd7 Ba3 25. Nxg6
(25. Nd5 bxc6 26. Ndc3 Re7 $10) (25. Nf5+ $142 $5 gxf5 26. cxb7 $14) 25... hxg6
26. cxb7 Rd8 27. Rxd8 $8 (27. Rc7 Bd6 28. Rc6 Rd7 {[%csl Rb7][%cal Rf8b8] /
\Rb8,><b7}) 27... Rxd8 28. Rf3 Bb4+ 29. Kf1 Rd1+ 30. Kg2 Bd6 31. Rb3 Bb8 $132
32. a4 Kf6 (32... Ra1 33. Nc3 (33. Rb4 a5) 33... Kf6 $10) 33. a5 Ra1 34. Rb5 (
34. Rc3 Ra2 $1 35. Kf3 Rxa5 36. Rc8 Bxh2 37. b8=Q (37. Ng3 $4 Ra3+ $19) 37...
Bxb8 38. Rxb8 $10) 34... Ke7 35. Rc5 Bd6 36. Rc6 (36. Rc8 Ra2 (36... Rb1 37. a6
Rb2 38. Kf3 Bxh2 39. Ra8 $18) 37. Kf3 Ra3+ $1 (37... Rxa5 38. b8=Q Bxb8 39.
Rxb8 $14) (37... Bxh2 38. Nf4 $5 (38. b8=Q Bxb8 39. Rxb8 Rxa5 $10) 38... Ra3+
39. Kg4 f5+ (39... Rg3+ 40. Kh4 Rb3 41. b8=Q Rxb8 42. Rxb8 Bxf4 43. Rb7+ Kd6
44. Rxa7 Kc6 45. Rxf7 g5+ 46. Kg4 Kb5 47. Ra7 $5 (47. Rf5+ Ka6 48. Kf3 Bc7 $10)
47... Bd2 48. a6 Bf4 49. Kf5 Kb6 50. Ra8 Kb5 $1 51. Ke6 Kb6 52. Kd7 Kb5 53. a7
Kb6 54. Kc8 Be3 $10) 40. Kg5 Rg3+ 41. Kh6 Rb3 42. Nxg6+ Kd7 $5 (42... Kf6 43.
Rf8+ Ke6 44. a6 Rb6 45. Kg7 $14) 43. a6 Rb6 44. Kg5 Rxa6 45. Nf4 Ra4 $1 $10)
38. Kf2 Bxh2 $10) 36... Rb1 (36... Rxa5 $6 37. Rxd6 Rb5 38. Ra6 Rxb7 39. Nd4
$14) 37. a6 Rb2 38. Kf3 Rb3+ 39. Kg2 Rb2 40. Kf3 Bxh2 (40... Rb3+ $10) 41. Nd4
Kd7 42. Rc8 {[%cal Rc8a8] /\Ra8+-} Rb6 $1 $10 43. Ra8 Rxa6 44. b8=Q Bxb8 45.
Rxb8 Ke7 46. Rb7+ Kf6 47. Rc7 (47. Nb5 $2 Rb6 {After an exchange of R White
would be lost.}) 47... Ra3+ 48. Kf4 g5+ (48... a5 49. Rc6+ Kg7 (49... Ke7 50.
Rc7+ $10) 50. Ra6 a4 51. Ra7 $10) 49. Ke4 Ra4 50. Rc6+ Kg7 51. Ke3 Ra5 52. Rc7
Kf6 53. Rc6+ Kg7 54. Rc7 a6 55. Ne6+ Kg6 56. Nxg5 $1 Rxg5 (56... Kxg5 57. Rxf7
$10) 57. Rc6+ Kf5 58. Rxa6 Kg4 59. Kf2 1/2-1/2

[Event "Haifa"]
[Site "Haifa"]
[Date "1995.??.??"]
[Round "9"]
[White "Gurevich, Mikhail"]
[Black "Alterman, Boris"]
[Result "0-1"]
[WhiteElo "2605"]
[BlackElo "2575"]
[Annotator "Stohl,I"]
[PlyCount "64"]
[EventDate "1995.01.??"]
[EventType "tourn"]
[EventRounds "11"]
[EventCountry "ISR"]
[EventCategory "14"]
[SourceTitle "CBM 046"]
[Source "ChessBase"]
[SourceDate "1995.06.01"]
[SourceVersion "1"]
[SourceVersionDate "1995.06.01"]
[SourceQuality "1"]

1. d4 Nf6 2. Bg5 c5 3. Bxf6 gxf6 4. d5 Qb6 5. Qc1 f5 6. c4 Bg7 (6... Bh6 $5 7.
e3 f4 8. exf4 Bxf4 9. Qxf4 Qxb2 10. Ne2 Qxa1 11. Nec3 d6 12. Qd2 Rg8 13. g3 a6
{Alexandrov,A-Zhelnin,A/St.Peterburg/1994/} 14. Bd3 $5 $44) 7. Nc3 d6 $1 (7...
Qb4 8. e3 d6 9. f4 $5 Nd7 10. Nf3 Nb6 11. Nd2 Bd7 12. Bd3 Bxc3 13. bxc3 Qa5 14.
a4 $1 Nxa4 15. Qc2 Qxc3 16. Rxa4 Qxc2 17. Bxc2 Bxa4 18. Bxa4+ Kd8 19. Kf2 e6
20. e4 $1 $36 {Hodgson,JM-Schlosser,P/Horgen SKA/1994/}) 8. e3 Nd7 9. Nge2 $146
(9. Be2 Nf6 10. Bd3 e6 11. Nge2 Bd7 12. O-O O-O (12... O-O-O $5 $132) 13. Rb1
Rae8 14. a3 Ng4 15. Nf4 Qd8 16. h3 Ne5 17. Be2 Ng6 18. Nh5 $13 {1/2:1/2,Adams,
M-Alterman,B/Etoiles/1994/}) 9... Nf6 10. Ng3 $6 (10. Nf4 e5 $5 11. Nd3 Bd7 $13
) 10... h5 $1 11. Bd3 (11. h4 Ne4 $5 $15) 11... e6 12. Qc2 Bd7 13. Nge2 (13.
O-O h4 14. Nge2 Ng4 $15) 13... O-O-O 14. Rb1 Ng4 $36 {/\Ne5,Be5} 15. b4 (15. h3
Ne5 16. Nf4 Bh6 $15) 15... cxb4 16. a3 Rdg8 17. axb4 (17. Rxb4 Qc7 $15) 17...
Be5 18. c5 (18. h3 Nf6 $36 (18... Nxe3 $5 19. fxe3 Rxg2 $44)) 18... dxc5 19.
bxc5 Qxc5 20. Qb3 Kd8 $1 $17 {/\Ke7,עe1} 21. Bc4 Ke7 22. dxe6 fxe6 23. Rd1 {
/\Rd7} Bd6 24. O-O (24. h3 Ne5 25. Bb5 Bc8 $5 $19) 24... Nxh2 25. Nd4 Rg6 $1 (
25... Nxf1 26. Kxf1 $132) 26. Bxe6 (26. Rfe1 Rhg8 $40) 26... Bxe6 27. Nxe6 (27.
Qxb7+ Kf8 28. Nxe6+ Rxe6 $19) 27... Rxe6 28. Nd5+ Kf7 29. Rc1 $5 (29. Rfe1 {
/\Nf4} Ng4 30. Qxb7+ Kg6 $17) 29... Qa5 30. Ra1 Qd8 31. Qxb7+ Kg6 32. Rxa7 $2 (
32. Rfd1 $8 Qc8 33. Qxa7 $17) 32... Nf3+ $1 (32... Nf3+ 33. gxf3 Qg5+ 34. Kh1
Qh4+ {/\Qh2#}) 0-1

[Event "Groningen"]
[Site "Groningen"]
[Date "1994.??.??"]
[Round "5"]
[White "Hodgson, Julian M"]
[Black "Beliavsky, Alexander G"]
[Result "0-1"]
[WhiteElo "2580"]
[BlackElo "2640"]
[Annotator "Stohl,I"]
[PlyCount "231"]
[EventDate "1994.12.??"]
[EventType "tourn"]
[EventRounds "11"]
[EventCountry "NED"]
[EventCategory "15"]
[SourceTitle "CBM 045"]
[Source "ChessBase"]
[SourceDate "1995.04.01"]
[SourceVersion "1"]
[SourceVersionDate "1995.04.01"]
[SourceQuality "1"]

1. d4 Nf6 2. Bg5 Ne4 3. h4 d5 (3... c5 $142 $5) 4. Nd2 Bf5 5. e3 (5. Nxe4 Bxe4
6. f3 h6 7. Bf4 (7. fxe4 $6 hxg5 8. Qd3 e6 9. Qb5+ Nc6 10. Qxb7 Nb4 11. Qb5+
Qd7 12. Qb7 Qc8 13. Qb5+ Qd7 14. Qb7 Qc8 15. Qb5+ c6 16. Qa4 dxe4 17. c4 Qa6
18. Qxa6 Nxa6 19. h5 g4 $1 20. a3 g6 21. e3 Rxh5 22. Rxh5 gxh5 23. Ne2 Bh6 24.
Kf2 h4 $17 {Hodgson,J-Salov,V/Wijk op/1993/}) 7... Bh7 8. e3 e6 9. Bd3 Bxd3 10.
Qxd3 c5 11. Ne2 Nc6 12. c3 cxd4 (12... Bd6 $10) 13. cxd4 Bd6 14. g4 Bxf4 15.
Nxf4 Qb6 16. Rh2 O-O-O 17. Rc1 Kb8 18. Rc5 g5 19. hxg5 hxg5 20. Nh5 e5 21. Kd1
$13 {Christiansen,L-Beliavsky,A/Brussels SWIFT 25'/1992/}) 5... h6 6. Bf4 e6 7.
g4 (7. Nxe4 Bxe4 8. f3 Bh7 9. Bd3 Bxd3 10. Qxd3 Qd7 11. Ne2 Nc6 12. h5 O-O-O
13. c4 e5 $5 14. Bxe5 dxc4 15. Qxc4 Nxe5 16. dxe5 Qd5 17. Qxd5 Rxd5 18. Nf4
Rxe5 19. Ke2 Bd6 20. Nd3 Re7 21. g4 $10 {1/2:1/2,Knezevic,B-Brenjo,S/JUG-chT/
1993/}) 7... Bh7 8. Nxe4 Bxe4 9. f3 Bh7 10. Bd3 {()>>} Bxd3 11. Qxd3 c5 $1 $132
12. Bxb8 $5 (12. dxc5 Nd7 $1 (12... Bxc5 $2 13. Bxb8 Rxb8 14. Qb5+ $18) 13. b4
a5 14. c3 axb4 15. cxb4 b6 $36) (12. c3 Nc6 $132) 12... Rxb8 13. f4 (13. dxc5
Qa5+ $10) 13... cxd4 14. exd4 Bd6 15. Ne2 (15. Qe3 $2 {/\Nf3-e5} Qc7) 15... h5
$5 16. O-O-O (16. g5 g6 $15) (16. f5 $13) 16... hxg4 17. f5 $8 (17. h5 $2 f5
$17) 17... Rxh4 (17... exf5 $5 18. Qxf5 Qd7 19. Qxd5 $13) 18. fxe6 Qg5+ (18...
fxe6 19. Qg6+ Kd7 20. Qxg7+ Kc6 21. Rxh4 Qxh4 22. c4 $44) 19. Kb1 fxe6 (19...
Rxh1 20. Qb5+ $1 Kf8 21. Rxh1 {/\Rh8+-}) 20. Rxh4 Qxh4 21. Qg6+ Kd7 22. Qxg7+
Kc6 23. c4 $1 g3 (23... dxc4 24. d5+ exd5 25. Nd4+ Kb6 26. Nf5 $40) 24. Nc3 (
24. cxd5+ $5 exd5 25. Rc1+ Kb6 26. Nc3 $40) 24... Rh8 {/\Qh7-/+} 25. Ka1 Qh7
26. Qf6 Qh6 27. Qf7 a6 (27... dxc4 $6 28. d5+ $40) 28. cxd5+ exd5 29. Qxd5+ Kc7
30. Ne4 Rd8 (30... Bf4 31. Nc5 $16) (30... g2 $2 31. Nxd6 Qxd6 32. Rc1+ Kd7 33.
Qxb7+ $18) 31. Qa5+ Kc8 32. Qc3+ Kb8 33. Nxg3 $14 Rc8 (33... Bxg3 34. Qxg3+ Qd6
$14) 34. Qe1 Bb4 35. Qh1 (35. Qxb4 $4 Rc1+) 35... Qe3 $6 36. Nf5 Qg5 37. Qe4
Rf8 38. Rf1 Ka8 39. a3 Bd6 40. Ka2 $16 {/\Nd6+-} Qg8+ 41. d5 Re8 42. Qc4 Bb8
43. Qb3 Qg2 44. Rd1 Qf2 45. Nd4 Re3 (45... Bd6 $142 $5) 46. Qb6 Re5 47. Qb3 Re3
48. Qc4 Qf4 49. Rf1 Qe4 50. Rd1 Qg4 51. Rd2 Re1 52. Qd3 Rh1 (52... Qd7 53. Nf5
$16) 53. Nb3 Bd6 54. Re2 Qg1 $6 55. Re6 Bb8 56. d6 Qd1 57. Qe4 Rh5 (57... Bxd6
58. Rxd6 Qxd6 59. Qxh1 $18) 58. d7 $2 (58. Re7 Rb5 (58... Rd5 59. Nc5 $1 Bxd6
60. Qb4 $1 b5 $8 61. Qa5 $18) (58... Qd5 59. d7 $1 {/\d8Q+-} Bc7 (59... Qxe4
60. Rxe4 Rd5 61. Rd4 $18) 60. Re8+ Ka7 61. Qe3+ b6 (61... Bb6 62. Qxb6+ Kxb6
63. d8=Q+ $18) 62. Re7 $18) 59. Nd4 Rb6 60. d7 Qd2 61. Nb3 Qd1 62. Na5 $1 Rb5 (
62... Bc7 63. d8=Q+ $1 Qxd8 64. Re8 $18) 63. a4 $1 (63. d8=Q Qxd8 64. Nxb7 Qd5+
$14) 63... Qd5+ (63... Rxa5 64. Qxb7+ $1 Kxb7 65. d8=Q+ $18) 64. Qxd5 Rxd5 65.
Nc4 (65. Nxb7 $2 Bc7 $1 66. d8=Q+ Bxd8 $10) 65... Bc7 66. a5 $1 $18) 58... Qxd7
59. Rxa6+ Ba7 $14 60. Qf3 Qf5 $1 61. Rf6 (61. Qg2 Qd5 $14) 61... Qxf3 62. Rxf3
Rd5 63. Kb1 Bb6 64. Kc2 Ka7 65. Nd2 Bc7 66. b4 Rg5 (66... b5 $5 $14) 67. Ne4
Rg4 (67... Rd5 $142) 68. Kd3 Rg1 69. Kc4 Rg4 70. Kd5 Rg7 71. Rf5 Rh7 72. Nc3
Rh8 73. Kc5 Kb8 74. a4 Bh2 75. Nd5 Rc8+ 76. Kb5 Re8 77. Nb6 Bc7 78. Nc4 {()}
Rh8 79. a5 Re8 80. Ka4 Rg8 81. b5 Bd8 (81... Rg4 $4 82. Rf8+ Ka7 83. b6+ $18)
82. b6 Rg4 83. Kb3 (83. Kb5 Rg5 84. Rxg5 Bxg5 $10) 83... Rg3+ 84. Kc2 Rg2+ 85.
Kd3 Rg3+ 86. Ne3 Rg8 (86... Rg5 $5 87. Rf8 Kc8 88. Nc4 Kd7 $14) 87. Rf7 Bh4 88.
Nc4 Rd8+ 89. Kc3 Rd5 90. Rf8+ Rd8 91. Rf5 Be7 92. Rf7 Bh4 93. Kb3 Rd3+ 94. Ka4
Rd4 95. Rf8+ Rd8 96. Rf5 Be7 97. Rf7 Bh4 98. Kb3 Rd3+ 99. Ka4 Rd4 100. Rf8+ Rd8
101. Rf5 Be7 102. Rh5 Rd1 103. Rh8+ Rd8 104. Rh7 Bf6 105. Rf7 Bg5 106. Kb4 $14
Bh4 107. Rf5 Be7+ 108. Kb5 Rd1 109. Ne5 Rd4 $1 (109... Rd5+ 110. Kc4 Rc5+ $6
111. Kd4 $16 {/\Nd7,Rf7}) 110. a6 $8 bxa6+ 111. Kxa6 Ra4+ 112. Kb5 Rb4+ 113.
Kc6 Bd8 114. Nd7+ Kc8 115. Ra5 Rc4+ $8 (115... Bxb6 $4 116. Ra8#) 116. Nc5 $138
(116. Nc5 Kb8 $8 117. Kb5 Rh4 $10) (116. Kd5 Kxd7 117. Kxc4 Bxb6 $10) 0-1

[Event "UKR-YUG"]
[Site "Lvov"]
[Date "1994.??.??"]
[Round "?"]
[White "Kosic, Dragan"]
[Black "Timoshenko, Georgy"]
[Result "0-1"]
[WhiteElo "2525"]
[BlackElo "2550"]
[Annotator "Timoshenko,G"]
[PlyCount "58"]
[EventDate "1994.11.??"]
[EventType "game"]
[EventRounds "1"]
[EventCountry "UKR"]
[SourceTitle "CBM 044"]
[Source "ChessBase"]
[SourceDate "1995.02.01"]
[SourceVersion "1"]
[SourceVersionDate "1995.02.01"]
[SourceQuality "1"]

1. d4 Nf6 2. Bg5 Ne4 3. h4 c5 4. dxc5 Nxg5 $5 (4... Na6) 5. hxg5 e6 6. Nf3 Bxc5
7. e3 Qb6 (7... d5 $6 8. Qd3 g6 $2 9. Qc3 $18) (7... Nc6 $5) 8. Nbd2 d5 (8...
Qxb2 $6 9. Rb1 Qc3 (9... Qxa2 10. Nc4 Qa6 11. g6 $16) 10. g6 $1 fxg6 11. Bd3
O-O 12. Ke2 $16) 9. Nb3 Bb4+ $2 (9... Be7 10. Qd2 (10. g6 fxg6 11. Bd3 O-O 12.
Ne5 Nc6 13. Nxg6 hxg6 14. Bxg6 Bg5 $8 15. Bh7+ Kh8 16. Bd3+ Bh6 $17) 10... Nc6
11. O-O-O Bd7 12. Qc3 f6 $13) 10. c3 Be7 11. g6 $1 (11. Qd4 Qxd4 12. exd4 (12.
cxd4 $5) 12... g6 {/\ Kf8-g7}) 11... fxg6 12. Bd3 O-O 13. Ne5 Qd6 $6 (13... Nc6
14. Nxg6 (14. Bxg6 $6 hxg6 15. Nxg6 Rf6 16. Qh5 Rxg6 17. Qxg6 Ne5 $17) 14...
hxg6 15. Bxg6 Bg5 $8 16. Bh7+ Kh8 17. Bc2+ Kg8 18. Qd3 Rf5 19. f4 $16) 14. Nxg6
$1 hxg6 15. Bxg6 Qe5 (15... Rf5 16. Qg4 $18) 16. Qd3 $2 (16. Rh5 $1 Rf5 17.
Rxf5 $1 exf5 18. Qh5 Be6 19. Qh7+ Kf8 20. Qh8+ Bg8 21. Bh7 Qe6 22. Nd4 Qf7 23.
Bxg8 Qxg8 24. Ne6+ Kf7 25. Qxg8+ Kxg8 26. Nc7 $18) 16... Qg5 17. O-O-O Rf6 18.
Bh7+ Kf7 19. f4 Qg4 20. Nd4 Nc6 21. Nf3 Rh6 22. c4 (22. Rxh6 gxh6 23. Rh1 Kg7 (
23... h5 $5) 24. Ng5 Bxg5 25. Qg6+ Kf8 26. Rxh6 Ke7 $17 (26... Ne7)) 22... Rxh1
23. Rxh1 Bf6 $5 24. cxd5 $138 (24. Qe2 Ke7 $19) 24... Qxg2 25. dxe6+ (25. Ng5+
Kf8 $1 26. Be4 Qxb2+ 27. Kd1 exd5 $1 $19) 25... Kf8 $2 (25... Bxe6 26. Ng5+
Bxg5 27. Qg6+ Kf8 $19) 26. e7+ $2 (26. Rh2 $1 Qg3 $13 (26... Qxf3 $2 27. Be4
$18)) 26... Kxe7 $19 27. Qe4+ Be6 28. Rh2 Qf1+ 29. Kc2 Rc8 0-1

[Event "Reykjavik zt"]
[Site "Reykjavik"]
[Date "1995.??.??"]
[Round "2"]
[White "Hansen, Sune Berg"]
[Black "Olafsson, Helgi"]
[Result "1-0"]
[WhiteElo "2460"]
[BlackElo "2520"]
[Annotator "Tisdall,J"]
[PlyCount "39"]
[EventDate "1995.03.??"]
[EventType "swiss"]
[EventRounds "11"]
[EventCountry "ISL"]
[SourceTitle "CBM 047"]
[Source "ChessBase"]
[SourceDate "1995.08.01"]
[SourceVersion "1"]
[SourceVersionDate "1995.08.01"]
[SourceQuality "1"]

{Young Danish IM Sune Berg Hansen was the sensation of the Nordic Zonal,
starti ng with two crushing victories over Icelandic GMs Hannes Stefansson and
Helgi Olafsson. He narrowly missed a third scalp over Margeir Petursson.} 1. d4
{Baburin} Nf6 2. Bg5 Ne4 3. Bf4 d5 4. f3 Nf6 5. e4 $5 {White decides to try
the wild Blackmar-Diemer gambit, since he has gotten the move Lf4 in for free.}
dxe4 6. Nc3 exf3 7. Nxf3 Bg4 8. h3 Bxf3 (8... Bh5 $5) 9. Qxf3 c6 10. O-O-O e6
11. Bc4 Be7 12. Kb1 $1 {White waits before committing his other pieces.} O-O $6
{Baburin: White has employed a real gambit. In fact he has more than
sufficient compensation: great development and the open f-file. Having an open
file is particularly important in attacks on the King on opposite flanks.} (
12... Nbd7 {looks better, not committing his king.}) 13. h4 $1 Nd5 14. Ne4 b5
15. Bd3 Nd7 $6 (15... Nxf4 16. Qxf4 Nd7 {looks safer, removing one of white's
attackers.}) 16. Ng5 N7f6 17. Be5 {Baburin: Black's extra pawn is irrelevant,
maybe this is a pawn on a7? Would it help to defend the King?} a5 18. Rdf1 a4
$4 {[#] Allowing the following nice combination...} (18... h6 {was forced,
though black can never capture on g5 since opening the h-file would be fatal.})
19. Bxh7+ $1 Nxh7 (19... Kh8 {prolongs the agony.}) 20. Qh5 {It is mate after}
(20. Qh5 Ndf6 (20... Nxg5 21. hxg5 {Baburin: And White has got another open
file!} f5 22. g6) 21. Bxf6 Nxf6 22. Rxf6 {or}) 1-0